Caricamento...
Statistical mechanics
| Autore principale: | |
|---|---|
| Natura: | Printed Book |
| Pubblicazione: |
Butterworth-Heinemann Books, Boston
1999
|
| Edizione: | 2 |
| Soggetti: |
| LEADER | 00587nam a2200193 4500 | ||
|---|---|---|---|
| 020 | |a 9780750624695 |c 495 | ||
| 082 | |a 530.13 PAT-S2 | ||
| 100 | |a Pathria, R K | ||
| 245 | |a Statistical mechanics | ||
| 250 | |a 2 | ||
| 260 | |a Butterworth-Heinemann Books, Boston |c 1999 | ||
| 300 | |a 529 | ||
| 490 | |||
| 500 | |||
| 590 | |a rvr |c 495 | ||
| 650 | |a Statistical physics; Classical mechanics | ||
| 942 | |c BK | ||
| 999 | |c 83728 |d 83728 | ||
| 952 | |0 0 |1 0 |4 0 |6 530_130000000000000_PATS2 |7 0 |9 97196 |a PHY |b PHY |d 2020-10-21 |g 495.00 |l 1 |o 530.13 PAT-S2 |p PHY05386 |q 2020-11-05 |r 2020-10-21 |s 2020-10-21 |w 2019-09-24 |y BK | ||